[Event "AUTO-INT-2960"]
[Site "http://www.queenalice.com/game.php?id=1342508"]
[Date "2015.2.19"]
[Round "1"]
[White "tomcapp"]
[Black "ModernWarlord"]
[Result "1-0"]
[WhiteElo "1414"]
[BlackElo "1527"]

1. e4 c5 2. Bc4 d6 3. Nf3 Nf6 4. Nc3 g6 5. Ng5 e6 6. d3 Bg7 7. Bf4 O-O 8. a4 b6
9. O-O Bb7 10. a5 Nc6 11. b3 Ne8 12. axb6 axb6 13. Nb5 Rxa1 14. Qxa1 Bxa1 15.
Rxa1 e5 16. Bg3 Qxg5 17. f3 Kg7 18. Na7 Nxa7 19. Rxa7 Bc8 20. Bd5 Qc1+ 21. Kf2
Qxc2+ 22. Ke3 Qxg2 23. Re7 Qg1+ 24. Kd2 1-0

[Event "AUTO-INT-2960"]
[Site "http://www.queenalice.com/game.php?id=1342509"]
[Date "2015.2.19"]
[Round "1"]
[White "ModernWarlord"]
[Black "zecafernandes"]
[Result "0-1"]
[WhiteElo "1598"]
[BlackElo "1460"]

1. d4 h6 2. c4 d5 3. cxd5 Qxd5 4. Nc3 Qc4 5. e3 Qb4 6. a3 Qa5 7. Bd2 Nf6 8. Ne4
Qd5 9. Nxf6+ gxf6 10. Nf3 Bg4 11. Be2 c6 12. O-O Nd7 13. Nh4 h5 14. Bf3 Qg5 15.
Bxg4 Qxh4 16. Bxd7+ Kxd7 17. Rc1 e6 18. Qf3 Bd6 19. g3 Qg5 20. h4 Qf5 21. Qxf5
exf5 22. b4 b5 23. Rc2 f4 0-1

[Event "AUTO-INT-2960"]
[Site "http://www.queenalice.com/game.php?id=1342510"]
[Date "2015.2.19"]
[Round "1"]
[White "zecafernandes"]
[Black "ModernWarlord"]
[Result "1-0"]
[WhiteElo "1437"]
[BlackElo "1621"]

1. e4 c5 2. Na3 d6 3. h3 Nf6 4. Bb5+ Bd7 5. f3 g6 6. d4 cxd4 7. Qxd4 Bg7 8. Bf4
O-O 9. O-O-O Nh5 10. Qe3 Nxf4 11. Qxf4 Bxb5 12. Nxb5 Qb6 13. a4 a6 14. Nd4 Bxd4
15. Ne2 Be3+ 16. Qxe3 Qxe3+ 17. Rd2 Nc6 18. c3 Ne5 19. Ng3 Nc4 20. Nf1 Qg5 21.
h4 Qf4 22. g3 Qxf3 23. Rdh2 1-0

[Event "AUTO-INT-2961"]
[Site "http://www.queenalice.com/game.php?id=1342918"]
[Date "2015.2.20"]
[Round "1"]
[White "Danado"]
[Black "ModernWarlord"]
[Result "1-0"]
[WhiteElo "1586"]
[BlackElo "1799"]

1. e4 c5 2. Bc4 d6 3. Qf3 Nf6 4. d3 g6 5. Bg5 Bg7 6. Bxf6 Bxf6 7. c3 O-O 8. Ne2
e6 9. d4 cxd4 10. Nxd4 Bxd4 11. cxd4 Nd7 12. d5 e5 13. h3 a6 14. O-O b5 15. Bd3
Nc5 16. Nc3 Qg5 17. Be2 Qh4 18. Nd1 f5 19. exf5 Rxf5 20. Qe3 Rg5 21. Qf3 Bxh3
22. g3 Qe4 23. Qxe4 Nxe4 24. Re1 Rc8 25. Ne3 Nxg3 26. fxg3 Rxg3+ 27. Kf2 Rg5 28.
Rg1 Rxg1 29. Kxg1 Kg7 30. b4 Rc3 31. Kf2 Bf5 32. Nxf5+ gxf5 33. a4 Rb3 34. axb5
axb5 35. Bxb5 1-0

[Event "AUTO-INT-2961"]
[Site "http://www.queenalice.com/game.php?id=1342919"]
[Date "2015.2.20"]
[Round "1"]
[White "ModernWarlord"]
[Black "Danado"]
[Result "0-1"]
[WhiteElo "1774"]
[BlackElo "1611"]

1. d4 e6 2. c4 Bb4+ 3. Bd2 Bxd2+ 4. Nxd2 d5 5. cxd5 Qxd5 6. e3 Nc6 7. Ngf3 e5 8.
dxe5 Bg4 9. Be2 Nxe5 10. O-O Bxf3 11. Bxf3 Nxf3+ 12. Nxf3 Qxd1 13. Rfxd1 Ne7 14.
Rd2 Rd8 15. Rxd8+ Kxd8 16. Rd1+ Kc8 17. Ne5 f6 18. Nc4 a6 19. e4 Nc6 20. a3 Re8
21. f3 g6 22. Kf2 f5 23. exf5 gxf5 24. Rd5 Ne7 25. Rd2 b6 26. Rc2 Nc6 27. Nxb6+
Kb7 28. Na4 Nd4 29. Rd2 Nc6 30. Rd7 a5 31. Rxh7 Nd4 32. Kg3 Rc8 33. Kf4 Rf8 34.
Nc5+ Kc6 0-1

[Event "AUTO-INT-2961"]
[Site "http://www.queenalice.com/game.php?id=1342930"]
[Date "2015.2.20"]
[Round "1"]
[White "ModernWarlord"]
[Black "Ditto"]
[Result "0-1"]
[WhiteElo "1493"]
[BlackElo "1624"]

1. d4 e6 2. c4 Nf6 3. Bg5 Be7 4. Nf3 d6 5. g3 O-O 6. Bg2 Ne4 7. Bxe7 Qxe7 8. O-O
Nc6 9. e3 Qf6 10. a3 Bd7 11. Nbd2 d5 12. cxd5 exd5 13. Qc1 Rfe8 14. Nxe4 dxe4
15. Nd2 Rac8 16. Bxe4 Rb8 17. Qc2 h6 18. Rac1 Rbc8 19. b4 Qg5 0-1

[Event "AUTO-INT-2961"]
[Site "http://www.queenalice.com/game.php?id=1342931"]
[Date "2015.2.20"]
[Round "1"]
[White "Ditto"]
[Black "ModernWarlord"]
[Result "1-0"]
[WhiteElo "1635"]
[BlackElo "1482"]

1. d4 d5 2. Nf3 e6 3. Bf4 Nf6 4. e3 g6 5. c4 dxc4 6. Bxc4 Bg7 7. O-O O-O 8. Nc3
a6 9. Re1 b5 10. Bb3 Bb7 11. Bg5 Qc8 12. e4 Nbd7 13. e5 Nd5 14. Ne4 c5 15. Rc1
c4 16. Bc2 Qc7 17. Qd2 Rae8 18. a3 f6 19. exf6 Bxf6 20. Nxf6+ 1-0

[Event "AUTO-INT-2971"]
[Site "http://www.queenalice.com/game.php?id=1347999"]
[Date "2015.3.17"]
[Round "1"]
[White "marreta7"]
[Black "ModernWarlord"]
[Result "1-0"]
[WhiteElo "1510"]
[BlackElo "1445"]

1. e4 c5 2. Bc4 d6 3. d3 Nf6 4. h3 g6 5. Nf3 Bg7 6. Nc3 O-O 7. O-O Nc6 8. a3 a6
9. Bf4 b5 10. Ba2 Bb7 11. Qd2 Kh8 12. Bh6 e6 13. Bxg7+ Kxg7 14. Rfe1 d5 15. exd5
1-0

[Event "AUTO-INT-2971"]
[Site "http://www.queenalice.com/game.php?id=1348000"]
[Date "2015.3.17"]
[Round "1"]
[White "ModernWarlord"]
[Black "marreta7"]
[Result "0-1"]
[WhiteElo "1432"]
[BlackElo "1523"]

1. d4 d5 2. c4 Nf6 3. cxd5 Nxd5 4. Nf3 h6 5. g3 Bf5 6. Nbd2 e6 7. Bg2 Bb4 8. O-O
Bxd2 9. Nxd2 O-O 10. e4 Bxe4 11. Bxe4 Re8 12. Bxd5 Qxd5 13. Nb3 a6 14. Be3 Nd7
15. Rc1 Nf6 0-1

[Event "AUTO-INT-2971"]
[Site "http://www.queenalice.com/game.php?id=1348015"]
[Date "2015.3.17"]
[Round "1"]
[White "ModernWarlord"]
[Black "BOTAFOGONISSO"]
[Result "0-1"]
[WhiteElo "1677"]
[BlackElo "1704"]

1. d4 d5 2. c4 Be6 3. cxd5 Bxd5 4. Nc3 Nc6 5. Nf3 e6 6. e3 Qe7 7. Be2 h6 8. O-O
O-O-O 9. b3 Nf6 10. Bb2 Ne4 11. Nxe4 Bxe4 12. Nd2 Bf5 0-1

[Event "AUTO-INT-2971"]
[Site "http://www.queenalice.com/game.php?id=1348016"]
[Date "2015.3.17"]
[Round "1"]
[White "BOTAFOGONISSO"]
[Black "ModernWarlord"]
[Result "1-0"]
[WhiteElo "1719"]
[BlackElo "1662"]

1. e4 c5 2. Bc4 d6 3. Nf3 Bg4 4. h3 Bxf3 5. Qxf3 Nf6 6. d3 g6 7. Bg5 Bg7 8. Nc3
O-O 9. O-O-O a6 10. e5 dxe5 11. Qxb7 Nbd7 12. Bd5 Nxd5 13. Qxd5 1-0